Paroles - Indila - Love Story - Statistiques

Statistiques générales
  • Ce quiz a été pris 255 fois
  • Le résultat moyen est 48 sur 68
Statistiques - réponses
% Correct
Il tout bête la story
94%
Il l'attend comme tout story
94%
il la voulais a story
94%
Il main pas toi Love
94%
Il rien je a Love
94%
Il sa t'offrirai croit
94%
Il dans Si d'un
94%
Il Prend tu C'est
94%
Il encore ma cris
94%
il Je story va
94%
Il ne Ma On
94%
à partout arrête Peut story
87%
à dans Je tu
87%
À story le battrai
87%
à Sa bord encore
87%
la love tout mais
87%
la sa t'attendrai m'ignore
87%
de Ira souffle love
81%
Une story fiche roi
80%
pas non ça Il Love
79%
pas plus story dans
79%
c'est Retient et Personne
76%
part love Et et
76%
main love sur j'me
75%
rose Et je Si
75%
tout Dans Je n'y
75%
attend debout je un Love
74%
fou plus Et y story
74%
fou aimer Une cette
74%
n'est Non tout et story
74%
n'est sais love vit
74%
partout Et or fait
74%
voit story mon L'amour
74%
en l'aime été Peut story
73%
cette une non et Love
72%
debout love t'en un
71%
Devant Debout regrette empire story
71%
photo rose Je Il story
70%
peine c'est trop illuminer Love
69%
peine Il Arrête bâtir Love
69%
mais la t'en Un story
68%
rien main je love
67%
Rien Promets-moi T'offrirai story
67%
Lâme Il J'ai bougie Love
66%
parle voit prie sourire Love
62%
parle rester ma On
62%
Le toi story Love
61%
y ne serais moi story
60%
N'a tout dernier ta
59%
vit Il Je nuit Love
59%
croit le riche et
58%
D'antan à ne y Love
58%
Et Serre-moi vie C'est
58%
et je Et Quelques
58%
elle story si encore
57%
l'attend sa tu fou
56%
est Près ma d'une
55%
est oui love de
55%
n'attend ma m'ignore ta
51%
sens bien de story
48%
regard je Et story
47%
absent rêve dans Des
46%
autour que mon C'est
46%
Souvent mais love s'en
46%
lourd de love vie
44%
l'air fort Dans l'histoire
43%
lui veus dans larmes
41%
seul Oui story joie
41%
Aucun quiz correspondant
Distribution des résultats
% des personnes avec chaque résultat
Percentile par nombre de réponses
Votre historique - résultats
Vous n’avez pas pris ce quiz